| 000 | 00680na a2200205 4500 | ||
|---|---|---|---|
| 001 | 17221 | ||
| 003 | MIRAKIL | ||
| 005 | 20181213154936.0 | ||
| 008 | 161023b tu 000 0 | ||
| 040 |
_aMilas _btur _cTR-AnCHP |
||
| 041 | _atur | ||
| 082 |
_a956.6325 _bS26 [t.y.] |
||
| 090 | _a956.6325 S26 [t.y.] | ||
| 245 |
_aSarıkamış destanı _b1914-1915 Osmanlı-Rus harbinde Sarıkamış dağlarında çoğu donarak şehit düşen on binlerce askerimizin hüzünlü hikayesi _cSanat yönetmeni Recep Ergül |
||
| 260 |
_aİstanbul _b[yay.y.] _c[t.y.] |
||
| 300 |
_a32 s. _c21 sm. |
||
| 650 |
_aSarıkamış _xAnma kitapları |
||
| 700 | _aErgül, Recep | ||
| 942 |
_2ddc _cBKS |
||
| 999 |
_c3568 _d3568 |
||